JonTron Quiz - Statistics

General Stats
  • This quiz has been taken 79 times
  • The average score is 16 of 33
Answer Stats
Question Answer % Correct
In what year did JonTron first appear on YouTube? 2010
93%
What is JonTron's real name? Jon Jafari
91%
What is the name of his robot bird? Jacques
89%
What show did JonTron co-host from 2012-2013 with Egoraptor? Game Grumps
75%
"Oh Jacques, you can't play. You don't have _____!" hands
72%
What website does JonTron co-own and host videos on? NormalBoots
67%
What Star Wars-based series did JonTron create featuring Egoraptor? Starcade
65%
What is Egoraptor's real name? Arin Hanson
63%
What hilariously bad 2010 movie did JonTron famously review? Birdemic: Shock and Terror
60%
What song was JonTron's "mortal enemy" for 4 years before he performed a long-awaited cover of it? Firework
60%
"Tap A quickly to not ___ as fast!" die
58%
What is the name of JonTron's pet rock? Rockington
56%
What game did JonTron play on his first episode? Daikatana
54%
"It's a cat, you put him in a shirt, and BAM: it's _____!" Bubsy
51%
What is JonTron's most famous sound/catchphrase? Ech/Heugh
49%
Who else co-owns this site? PeanutButterGamer
47%
"Apples and ______." Grapes
44%
What was present on JonTron's person in the first episodes of JonTron, but not in the later ones? His Hat
42%
"But this isn't most people...this is _______!" *coughs and sputters* JonTron
42%
"Fool me once, I'm mad. Fool me twice, ___ _____ ___?" how could you
39%
"I'm goin' all up on the rooftops! '_____' this! '_____' that!" Swood
37%
"Actually, the _______ snaps in two." crowbar
33%
"Let's drop in on a _______..." Grommet
30%
"I ____ a rock!" lost
30%
"Pay Alimony and..._____." punch
30%
"Well, that's about enough ____ for me for one day." life
28%
Which game title did JonTron mispronounce using the above phrase? Nightshade: The Claws of Sutekh
26%
"S-S-S-_______man!" Scissor
25%
Who is JonTron's Russian alter-ego that runs a gaming show? Malkovich
23%
Who says, "This suit is eh...officially a Giorgio Armani - actually, my dad knows him"? That Guy (You Know the One)
23%
What is JonTron's least favorite game? Banjo Kazooie: Nuts and Bolts
21%
What video format did JonTron stop making after the first season? Top 10 Lists
21%
Hard - According to JonTron, what was his bird originally supposed to be instead of a cyborg? (Mentioned on Game Grumps) A jive black man
16%
No matching quizzes found
Score Distribution
Percent of People with Each Score
Percentile by Number Answered
Your Score History
You have not taken this quiz